000 00603nam a2200217Ia 4500
003 OSt
005 20251106110750.0
008 25110450505s9999 xx 000 0 eng d
022 _a0012-9976
037 _aPeriodicals
040 _aFEDL
_beng
_cFEDL
041 _aeng
_2eng
245 0 _aEconomic and political weekly
260 _aNew Delhi, India
_bGauraang Pradhan
_c2023
300 _a812p.
362 _aV. 58, No.1-12 (Jan- March) 2023
490 _vV. 58, No.1-12 (Jan- March) 2023
500 _aV. 58, No.1-12 (Jan- March) 2023
942 _cCR
_2ddc
_n0
999 _c1465138
_d1465138